Culture Générale - Clic Quiz - La réponse est en emoji par IA #11 - Statistiques

Statistiques générales
  • Ce quiz a été pris 353 fois
  • Le résultat moyen est 21 sur 40
Statistiques - réponses
Hint Réponse % Correct
Elizabeth II
93%
Kim Kardashian
92%
P!nk
90%
Amy Winehouse
90%
Mère Teresa
89%
Billie Eilish
84%
Jennifer Lopez
81%
Julia Roberts
80%
Christiane Taubira
75%
Meryl Streep
74%
Anne Roumanoff
72%
Margaret Thatcher
72%
Catherine de Médicis
66%
Ellen DeGeneres
65%
Cameron Diaz
63%
Blake Lively
60%
Audrey Hepburn
59%
Bernadette Chirac
59%
Nina Simone
57%
Kate Moss
56%
Anne-Claire Coudray
55%
Michelle Yeoh
52%
Jodie Foster
50%
Ursula von der Leyen
49%
George Sand
46%
Sarah Michelle Gellar
44%
Naomi Osaka
41%
Michelle Pfeiffer
38%
Jessica Biel
35%
Nadia Comaneci
31%
Florence and the Machine
30%
Michelle Bachelet
27%
Neve Campbell
25%
Billie Jean King
23%
Riley Reid
19%
Sasha Grey
17%
Abella Danger
17%
Sydney McLaughlin-Levrone
16%
Tori Black
13%
Sofia Coppola
9%
Aucun quiz correspondant
Distribution des résultats
% des personnes avec chaque résultat
Percentile par nombre de réponses
Votre historique - résultats
Vous n’avez pas pris ce quiz